Tytuły i kategorie szachowe - Statystyki

Ogólne statystyki
  • Ten quiz został rozwiązany 17 razy
  • Średni wynik to 11 z 16
Statystyki odpowiedzi
Tytuł/kategoria % Poprawnych
GM
100%
I
87%
m
80%
CM
73%
FM
73%
IM
73%
V
73%
k
67%
WCM
67%
WFM
67%
WGM
67%
WIM
67%
II
60%
III
60%
IV
60%
bez kategorii
27%
Nie znaleziono quizów pasujących do podanych kryteriów
Rozkład punktacji
Procent ludzi z każdym wynikiem
Percentyl według liczby udzielonych odpowiedzi
Twoja historia wyników
Nie rozwiązałeś tego quizu